000 00926cam a22003137a 4500
003 CHAP
005 20220329142643.0
008 020808d1971 es ab r 0010 spa d
010 _a86057
011 _a87029
035 _a97570
040 _cCHAP
082 _a910
_bA8
245 0 _aAtlas Marín de geografía e historia
260 _aBarcelona :
_bEditorial Marin,
_c1971.
300 _a335 p. :
_bilus. ; mapas
590 _aBATCH-UPD
_b10
_c20130110
_lUCH01
_h1114
590 _aBATCH-UPD
_b10
_c20130410
_lUCH01
_h0705
590 _aBATCH-UPD
_b10
_c20130914
_lUCH01
_h0427
590 _aCONVERSION
_b10
_c20130109
_lUCH01
_h1348
650 1 4 _aAtlas.
_98256
650 1 4 _aGeografía
_xHistoria.
_947553
650 1 4 _aHistoria universal.
_955642
650 1 4 _aHistoriografía.
_955652
901 _aBK
905 _aMayto Villalobos S.
942 _cLIBRO
949 _a910 A8
_bBC
_cC
_d33724000905030
_eC
_h102383
_i97570
_sb
999 _c86057
_d86057